000 01124cgm a2200325 4500
001 J94817
008 090401t1998 xxu||||| |||| 00| 0 eng d
035 _a(Sirsi) u89453
041 _aeng
050 _a380.1
100 _aMurphy, Gary
245 _aProperty auctions 1998 : scope and practice (sound recording).
260 _aLondon
_bRICS
_c1998
300 _a1 sound cassette (60 min.)
350 _a14.1
490 _aOwlion Audio Programme
520 _aAn examination of the choice of selling by private treaty or by auction and an explanation of the procedures of auction with reference to the surveyor in general practice.
650 _aAuctioneering
_96218
650 _aAUDIO CASSETTES
650 _aPROPERTY-PROPERTY ACQUISITION AND DISPOSAL-ACQUISITION AND DISPOSAL BY PRIVATE TREATY
650 _aAuctioneering
_96218
690 _aAuctioneering
_96218
700 _aEmson, Clive
700 _aSmith, Andrew
700 _aTownsend, John
710 _aRoyal Institution of Chartered Surveyors
_94900
710 _aCollege of Estate Management
_9400
942 _n0
948 _c03/11/1998
999 _c85379
_d85379